Pokémon - Attacken von Mimigma in KA/PU - Statistiken

Allgemein
  • Dieses Quiz wurde 4 mal gespielt
  • Das Durchschnittsergebnis liegt bei 12 aus 60
Antwortstatistiken
Antwort % Korrekt
Knuddler
100%
Spukball
75%
Donner
50%
Donnerblitz
50%
Dunkelklaue
50%
Erholung
50%
Fluch
50%
Holzhammer
50%
Kratzer
50%
Kulleraugen
50%
Phantomkraft
50%
Schattenstoß
50%
Abgangsbund
25%
Ableithieb
25%
Blutsauger
25%
Bürde
25%
Diebeskuss
25%
Donnerwelle
25%
Doppelteam
25%
Erstauner
25%
Hyperstrahl
25%
Klauenwetzer
25%
Mimikry
25%
Protzer
25%
Psychokinese
25%
Regentanz
25%
Schlafrede
25%
Schlitzer
25%
Schutzschild
25%
Schwerttanz
25%
Sonnentag
25%
Anspringen
0%
Ausdauer
0%
Bizarroraum
0%
Bodycheck
0%
Charme
0%
Delegator
0%
Fassade
0%
Finsteraura
0%
Gigasauger
0%
Gigastoß
0%
Groll
0%
Imitator
0%
Irrlicht
0%
Konfusstrahl
0%
Kreuzschere
0%
Leidteiler
0%
Lichtschild
0%
Nachtnebel
0%
Nebelfeld
0%
Neidflammen
0%
Platscher
0%
Psycho-Plus
0%
Raub
0%
Schleuder
0%
Tera-Ausbruch
0%
Trickbetrug
0%
Verhöhner
0%
Wegbereiter
0%
Zauberschein
0%
Keine übereinstimmenden Quizze gefunden
Verteilung der Resultate
Anzahl Personen mit jedem Resultat
Perzentil nach korrekt beantworteten Fragen
Ihre Resultats-Entwicklung
Sie haben dieses Quiz noch nicht gespielt